LEADER 01118naa a2200217 u 4500 001 000000097959 003 CaOOAMICUS 005 20070226130152.0 008 050509s1980 it u000 u ita u 035 $a11045566 040 $aIAR$bita 100 1 $aFusillo, Massimo.$0(OLS)http://pul/name/61953 245 10$a[Recensione :] Acme. Annali della Facoltà di Lettere e Filosofia dell'Università degli Studi di Milano, XXXI /$cMassimo Fusilli. 260 $aPisa :$bScuola Normale,$c1980. 300 $aS. 1462-1463 ;$c25 cm 630 04$aAcme.$0(OLS)http://pul/subject/31215 730 0 $aAnnali della Scuola normale superiore di Pisa, Classe di lettere e filosofia$g[Spogli].$0(OLS)http://pul/title/24292 773 0 $tAnnali della Scuola Normale Superiore di Pisa$gSerie III, vol. X,4 (1980). 773 0 $tAnnali della Scuola normale superiore di Pisa, Classe di lettere e filosofia$w()16982 996 $6245$a[Recensione :] Acme. Annali della Facoltà di Lettere e Filosofia dell'Università degli Studi di Milano, XXXI$9(OLS)http://pul/title/124843 996 $6260$aPisa :$bScuola Normale$9(OLS)http://pul/publisher/79182 LEADER 01138nam a2200277 a 4500 001 000000142217 003 CaOOAMICUS 005 20150311094458.0 008 150311s2004 it b u000 u ita r 020 $z88-420-7196-X* 040 $aPUL$bita 100 1 $aCapitani, Ovidio,$d1930-2012.$0(OLS)http://pul/name/1205 245 10$aStoria dell'Italia medievale :$b410-1216 /$cOvidio Capitani. 260 $aBari ; Roma :$bGius. Laterza & figli,$c2004. 300 $aVII, 541 p. :$bc. geogr. ;$c21 cm 490 1 $aBiblioteca storica 500 $aInclude indici. 651 4$aItalia$xStoria$yEvo medio.$0(OLS)http://pul/subject/18027 830 0$aBiblioteca storica (Laterza).$0(OLS)http://pul/title/97908 850 $aPUL 852 $aPUL$W1$xDP1 Fondo Capitani$y116$m10 D 16$j43579$qFondi$B164230$CPULBib$Z2$F164230 $HCap1859 $82 941 1 $a1 996 $6020$z88-420-7196-X*$9(OLS)http://pul/number/157179 996 $6245$aStoria dell'Italia medievale :$b410-1216$9(OLS)http://pul/title/159566 996 $6260$aBari ; Roma :$bGius. Laterza & figli$9(OLS)http://pul/publisher/81307